<?xml version="1.0" encoding="UTF-8"?>
<collection xmlns="http://www.loc.gov/MARC21/slim">
 <record>
  <leader>02246cam a2200433   4500</leader>
  <controlfield tag="001">1076142559</controlfield>
  <controlfield tag="003">DE-627</controlfield>
  <controlfield tag="005">20240308154640.0</controlfield>
  <controlfield tag="007">tu</controlfield>
  <controlfield tag="008">850101s1974    xx |||||      00| ||ger c</controlfield>
  <datafield tag="035" ind1=" " ind2=" ">
   <subfield code="a">(DE-627)1076142559</subfield>
  </datafield>
  <datafield tag="035" ind1=" " ind2=" ">
   <subfield code="a">(DE-576)006142559</subfield>
  </datafield>
  <datafield tag="035" ind1=" " ind2=" ">
   <subfield code="a">(DE-599)BSZ006142559</subfield>
  </datafield>
  <datafield tag="035" ind1=" " ind2=" ">
   <subfield code="a">(OCoLC)310757940</subfield>
  </datafield>
  <datafield tag="040" ind1=" " ind2=" ">
   <subfield code="a">DE-627</subfield>
   <subfield code="b">ger</subfield>
   <subfield code="c">DE-627</subfield>
   <subfield code="e">rakwb</subfield>
  </datafield>
  <datafield tag="041" ind1=" " ind2=" ">
   <subfield code="a">ger</subfield>
  </datafield>
  <datafield tag="084" ind1=" " ind2=" ">
   <subfield code="a">6,14</subfield>
   <subfield code="2">ssgn</subfield>
  </datafield>
  <datafield tag="100" ind1="1" ind2=" ">
   <subfield code="a">Tomašević-Buck, Teodora</subfield>
   <subfield code="0">(DE-627)1241885176</subfield>
   <subfield code="0">(DE-576)171885171</subfield>
   <subfield code="4">aut</subfield>
  </datafield>
  <datafield tag="245" ind1="1" ind2="0">
   <subfield code="a">Gräber an der Rheinstrasse 32</subfield>
   <subfield code="b">Augst 1968</subfield>
   <subfield code="c">Teodora Tomasevic</subfield>
  </datafield>
  <datafield tag="246" ind1="3" ind2="3">
   <subfield code="a">Die Ausgrabungen beim Westtor des Kastells Kaiseraugst im Jahre 1968</subfield>
  </datafield>
  <datafield tag="246" ind1="3" ind2="3">
   <subfield code="a">Die Fundmünzen der Ausgrabungen beim Westtor des Kastells Kaiseraugst</subfield>
  </datafield>
  <datafield tag="246" ind1="3" ind2="3">
   <subfield code="a">Ausgrabungsbericht Dorfstrasse 74, Kaiseraugst, 1970</subfield>
  </datafield>
  <datafield tag="249" ind1=" " ind2=" ">
   <subfield code="a">Die Ausgrabungen beim Westtor des Kastells Kaiseraugst im Jahre 1968</subfield>
   <subfield code="v">Roksanda M. Swoboda. Mit den Beiträgen: Die Fundmünzen der Ausgrabungen beim Westtor des Kastells Kaiseraugst / von Bernhard Overbeck. Ausgrabungsbericht Dorfstrasse 74, Kaiseraugst, 1970 / Ursula Reinhardt</subfield>
  </datafield>
  <datafield tag="264" ind1=" " ind2="1">
   <subfield code="a">Basel</subfield>
   <subfield code="c">1974</subfield>
  </datafield>
  <datafield tag="300" ind1=" " ind2=" ">
   <subfield code="a">130 S.</subfield>
  </datafield>
  <datafield tag="336" ind1=" " ind2=" ">
   <subfield code="a">Text</subfield>
   <subfield code="b">txt</subfield>
   <subfield code="2">rdacontent</subfield>
  </datafield>
  <datafield tag="337" ind1=" " ind2=" ">
   <subfield code="a">ohne Hilfsmittel zu benutzen</subfield>
   <subfield code="b">n</subfield>
   <subfield code="2">rdamedia</subfield>
  </datafield>
  <datafield tag="338" ind1=" " ind2=" ">
   <subfield code="a">Band</subfield>
   <subfield code="b">nc</subfield>
   <subfield code="2">rdacarrier</subfield>
  </datafield>
  <datafield tag="490" ind1="1" ind2=" ">
   <subfield code="a">Ausgrabungen in Augst</subfield>
   <subfield code="v">4</subfield>
  </datafield>
  <datafield tag="583" ind1="1" ind2=" ">
   <subfield code="a">Archivierung/Langzeitarchivierung gewährleistet</subfield>
   <subfield code="f">SSG</subfield>
   <subfield code="x">XA-DE-BW</subfield>
   <subfield code="2">pdager</subfield>
   <subfield code="5">DE-16</subfield>
  </datafield>
  <datafield tag="700" ind1="1" ind2=" ">
   <subfield code="a">Swoboda, Roksanda M.</subfield>
   <subfield code="d">1919-1994</subfield>
   <subfield code="0">(DE-588)13839525X</subfield>
   <subfield code="0">(DE-627)696587319</subfield>
   <subfield code="0">(DE-576)163255059</subfield>
   <subfield code="4">aut</subfield>
  </datafield>
  <datafield tag="700" ind1="1" ind2=" ">
   <subfield code="a">Overbeck, Bernhard</subfield>
   <subfield code="d">1942-2018</subfield>
   <subfield code="0">(DE-588)106857606</subfield>
   <subfield code="0">(DE-627)539075442</subfield>
   <subfield code="0">(DE-576)162460759</subfield>
   <subfield code="4">aut</subfield>
  </datafield>
  <datafield tag="700" ind1="1" ind2=" ">
   <subfield code="a">Reinhardt, Ursula</subfield>
   <subfield code="4">oth</subfield>
  </datafield>
  <datafield tag="787" ind1="0" ind2="8">
   <subfield code="i">Rezensiert in</subfield>
   <subfield code="a">Gilles, Karl-Josef, 1950 - 2018</subfield>
   <subfield code="t">[Rezension von: Ausgrabungen in Augst IV, T. Tomasevic, Gräber an der Rheinstraße 32, Augst 1968, R. M. Swoboda, Die Ausgrabungen beim Westtor des Kastells Kaiseraugst im Jahre 1968, U. Reinhardt, Ausgrabungsbericht Dorfstraße 74, Kaiseraugst 1970]</subfield>
   <subfield code="d">1975</subfield>
   <subfield code="w">(DE-627)1851206876</subfield>
  </datafield>
  <datafield tag="830" ind1=" " ind2="0">
   <subfield code="a">Ausgrabungen in Augst</subfield>
   <subfield code="v">4</subfield>
   <subfield code="9">4</subfield>
   <subfield code="w">(DE-627)131088025</subfield>
   <subfield code="w">(DE-576)006142540</subfield>
   <subfield code="w">(DE-600)1114634-5</subfield>
   <subfield code="7">ns</subfield>
  </datafield>
  <datafield tag="935" ind1=" " ind2=" ">
   <subfield code="i">SLoT</subfield>
  </datafield>
  <datafield tag="951" ind1=" " ind2=" ">
   <subfield code="a">BO</subfield>
  </datafield>
  <datafield tag="991" ind1=" " ind2=" ">
   <subfield code="a">Rezensiertes Werk</subfield>
  </datafield>
  <datafield tag="999" ind1=" " ind2=" ">
   <subfield code="a">KXP-PPN1076142559</subfield>
   <subfield code="e">4577528142</subfield>
  </datafield>
 </record>
</collection>
